000
00272nam a2200121Ia 4500
005
20251222141825.0
008
251222s9999||||xx |||||||||||||| ||spa||
020
_a
84-86314-16-X
082
_a
868.7/R43
100
_a
Requena Jover, Manuel
245
0
_a
Aridez
942
_c
LIB
999
_c
6931
_d
6931